"positions" ariana grande album - Statistiques

Statistiques générales
  • Ce quiz a été pris 469 fois
  • Le résultat moyen est 11 sur 14
Statistiques - réponses
place titles % Correct
12 positions
97%
2 34+35
92%
14 pov
87%
1 shut up
80%
3 motive (feat Doja Cat)
79%
5 off the table (feat The Weeknd)
79%
7 safety net (feat Ty Dolla $ign)
77%
8 my hair
76%
11 love language
70%
9 nasty
70%
13 obvious
69%
4 just like magic
67%
10 west side
65%
6 six thirty
64%
Aucun quiz correspondant
Distribution des résultats
% des personnes avec chaque résultat
Percentile par nombre de réponses
Votre historique - résultats
Vous n’avez pas pris ce quiz